Wszystkie stacje metra M2 (2025 maj) kierunek:Bródno - Statystyki

Ogólne statystyki
  • Ten quiz został rozwiązany 16 razy
  • Średni wynik to 15 z 18
Statystyki odpowiedzi
lp Stacja % Poprawnych
18 Bródno
100%
1 Bemowo
92%
7 Rondo ONZ
92%
11 Stadion Narodowy
92%
8 Świętokrzyska
92%
14 Targówek Mieszkaniowy
92%
10 Centrum NaukiKopernik
85%
12 Dworzec Wileński
85%
17 Kondratowicza
85%
3 Księcia Janusza
85%
9 Nowy Świat Uniwersytet
85%
13 Szwedzka
85%
15 Trocka
85%
4 Młynów
77%
6 Rondo Daszyńskiego
77%
16 Zacisze
77%
5 Płocka
62%
2 Ulrychów
54%
Nie znaleziono quizów pasujących do podanych kryteriów
Rozkład punktacji
Procent ludzi z każdym wynikiem
Percentyl według liczby udzielonych odpowiedzi
Twoja historia wyników
Nie rozwiązałeś tego quizu